[Event "Ruhrgebiet Verbandsklasse Gruppe 2 1819"]
[Site "Nordrheinwestfalen"]
[Date "2019.03.10"]
[Round "7.8"]
[White "Karimi, Hamid Reza"]
[Black "Saeglitz, Patrick"]
[Result "0-1"]
[WhiteElo "1809"]
[BlackElo "1726"]
[PlyCount "120"]
[EventDate "2018.09.23"]
[EventType "team-tourn"]
[EventRounds "9"]
[EventCountry "GER"]
[SourceTitle "EXT 2022"]
[Source "ChessBase"]
[SourceDate "2021.10.06"]
[SourceVersion "1"]
[SourceVersionDate "2021.10.06"]
[SourceQuality "1"]
[WhiteTeam "Oberhausen SW"]
[BlackTeam "Gerthe Werne"]
[WhiteTeamCountry "GER"]
[BlackTeamCountry "GER"]

1. e4 e5 2. Nf3 Nc6 3. Bb5 a6 4. Ba4 Nf6 5. d3 b5 6. Bb3 Bc5 7. Nc3 h6 8. Nd5 d6 9. c3 0-0 10. a3 Ba7 11. Be3 Bg4 12. h3 Be6 13. Bxa7 Rxa7 14. 0-0 Bxd5 15. exd5 Ne7 16. c4 Qd7 17. a4 Raa8 18. axb5 axb5 19. Qe2 Nf5 20. g4 Ne7 21. Nd2 Ng6 22. Ne4 Nf4 23. Qf3 Nxe4 24. dxe4 bxc4 25. Bxc4 Qe7 26. Kh2 g6 27. Rg1 Kh8 28. b4 f5 29. exf5 gxf5 30. gxf5 Rxa1 31. Rxa1 Rxf5 32. Ra8+ Kg7 33. Qg4+ Rg5 34. Qc8 Qf7 35. Qh8+ Kg6 36. Rf8 Qd7 37. Qf6+ Kh5 38. Bf1 Qg7 39. Qxg7 Rxg7 40. Rf5+ Kg6 41. Rf8 Nxd5 42. Bd3+ Kg5 43. Rf5+ Kh4 44. Be2 Nf4 45. Bf3 h5 46. b5 Re7 47. Rf8 Nxh3 48. Bxh5 Nxf2 49. Rxf2 Kxh5 50. Rd2 Rd7 51. Re2 Kg4 52. Kg2 Kf4 53. Kf1 e4 54. Rb2 d5 55. b6 cxb6 56. Rxb6 d4 57. Rf6+ Ke3 58. Ra6 d3 59. Ra3 Kf3 60. Ke1 e3 0-1